| 000 | 00706cam a2200229 4500 | ||
|---|---|---|---|
| 001 | J313 | ||
| 008 | 090401t1990 xxu||||| |||| 00| 0 eng d | ||
| 035 | _a(Sirsi) u74380 | ||
| 041 | _aeng | ||
| 050 | _a692.8 | ||
| 090 | _aJCT 1990/8A | ||
| 110 |
_aJoint Contracts Tribunal _93664 |
||
| 245 | _aStandard form of tender and agreement for building works of a jobbing character: JA/T90 and JA/C90: specimen documents. | ||
| 260 |
_aLondon _bRIBA Publications Ltd. _c1990 |
||
| 300 | _a(16)p. ; 30cm. | ||
| 350 | _a0 | ||
| 650 | _aBUILT ENVIRONMENT-BUILDING CONTRACT FORMS | ||
| 650 | _aJOBBING AGREEMENT | ||
| 690 | _aBUILT ENVIRONMENT-BUILDING CONTRACT FORMS | ||
| 942 | _n0 | ||
| 948 | _c04/03/1997 | ||
| 999 |
_c95828 _d95828 |
||